A Teoria do Dil̀ogo das Fontes no Processo do Trabalho

Bibliographic Details
Main Author: de Mello Rezende Colnago, Lorena
Format: eBook
Language:Portuguese
Published: San Pablo: LTR, 2017
Subjects:
Online Access:Acceso restringido

MARC

LEADER 00000nam a22000007a 4500
005 20180501234932.0
007 cr|||| ||||
008 180501s2017 br |||||s|||| 00||0 por d
020 |a 978-85-361-9457-8 
035 |a 21559 
040 |a vLex 
090 |c 7876  |d 7876 
100 1 |a de Mello Rezende Colnago, Lorena 
245 1 1 |a A Teoria do Dil̀ogo das Fontes no Processo do Trabalho  |h [Recurso electrn̤ico] /  |c Lorena de Mello Rezende Colnago 
256 |a Servicio en ln̕ea 
260 |a San Pablo:  |b LTR,  |c 2017 
300 |a 1 recurso electrn̤ico 
500 |a O art. 769 da CLT fomenta o dil̀ogo entre fontes assim como o art. 15 do CPC/2015, desde os seus primeiros artigos. Normas fundamentais j ̀nasceram em dil̀ogo com as Constituiȯ̂, seguem em dil̀ogo com a autocomposiȯ̂ como soluȯ̂ adequada para conflitos e reforȧm o dil̀ogo com o princp̕io da cooperaȯ̂. A iniciativa deste livro ̌justamente ampliar este dil̀ogo, agora com o Processo do Trabalho. O CPC/2015 ̌por sua caracters̕tica um cd̤igo da recodificaȯ̂, pls̀tico, flexv̕el e adaptv̀el. A coern̊cia com o novo modelo processual impe̳ um debate contn̕uo com os outros ramos. Esse ̌o mote deste livro que trata do Processo do Trabalho na perspectiva dos dil̀ogos de fontes e sistemas, na mesma lg̤ica de efetividade e seguranȧ jurd̕ica na tutela dos direitos e das pessoas que move o novo CPC e a Constituiȯ̂ de 1988. 
506 1 |a Disponible solo en los productos indicados  |d vLex Global  |d vLex Global (Academic Edition, excluding Law Schools)  |d vLex Global (U.S. Academic Edition, Law Schools)  |d vLex Global (U.S. Academic Edition, excluding Law Schools)  |d vLex Global (Academic Edition, Law Schools) 
650 0 4 |a Derecho Laboral y Seguridad Social  |z Brasil 
650 0 4 |a Derecho Procesal  |z Brasil 
650 0 4 |a Procedimiento Laboral  |z Brasil 
740 0 |a vLex Libros (Servicio en ln̕ea) 
856 4 0 |u http://vlex.com/source/teoria-do-dialogo-das-fontes-no-processo-do-trabalho-21559  |z Acceso restringido 
942 |c BOOK 
999 0 |a Labor Law and Social Security 
999 0 |a Procedural Law 
999 0 |a Labor Procedure